|
|
|
|
| LEADER |
01154nam a2200325 a 4500 |
| 001 |
000448219 |
| 003 |
CZ BrMZK |
| 005 |
20210310114044.0 |
| 007 |
ta |
| 008 |
990315s1999 xo e p 0 slo d |
| 020 |
|
|
|a 80-223-1388-2
|
| 040 |
|
|
|a BOA001
|b cze
|
| 072 |
|
7 |
|a 2
|x Náboženství
|2 Konspekt
|9 5
|
| 072 |
|
7 |
|a 37.016
|x Učební osnovy. Vyučovací předměty. Učebnice
|2 Konspekt
|9 22
|
| 080 |
|
|
|a 2-6-8
|2 MRF
|
| 080 |
|
|
|a 37.015.31:17
|2 MRF
|
| 080 |
|
|
|a (075.8)
|2 MRF
|
| 100 |
1 |
|
|a Komorovský, Ján,
|d 1924-2012
|7 jn20011211200
|4 aut
|
| 245 |
1 |
0 |
|a Mravný poriadok a jeho náboženská sankcia /
|c Ján Komorovský
|
| 250 |
|
|
|a 2. nezm. vyd.
|
| 260 |
|
|
|a Bratislava :
|b Univerzita Komenského,
|c 1999
|
| 300 |
|
|
|a 208 s. :
|b il. ;
|c 21 cm
|
| 500 |
|
|
|a Bibliogr.
|
| 541 |
|
|
|a Bratislava, Centrum vedecko-technických informácií SR
|
| 650 |
0 |
7 |
|a religionistika
|7 ph125111
|2 czenas
|
| 650 |
0 |
7 |
|a etická výchova
|7 ph120004
|2 czenas
|
| 655 |
|
7 |
|a učebnice vysokých škol
|7 fd133772
|2 czenas
|
| 910 |
|
|
|a BOA001
|b 2-1065.884
|
| 990 |
|
|
|a BK
|
| 996 |
6 |
|
|b 2610094102
|c 2-1065.884
|l MZK
|r Sklad / do 1 hodiny
|n 3
|p vým
|w 000448219
|u 000010
|a 1
|e BOA001
|j MZK50
|s P
|